Szczegóły MARC21

Logistyka w przedsiębiorstwie /

003 -Nazwa inst., której nr kontr. jest w polu 001 [,]
    • @
    • Nazwa instytucji, której n kontrolny jest w polu 001
    • NUKAT
005 -DATA I CZAS OSTATNIEJ MODYFIKACJI [,]
    • @
    • pole kontrolne
    • 20241231112756.0
020 -Międzynarod. znormalizowany nr książki - ISBN [ , ]
    • a
    • Numer ISBN
    • 8320811996 Find
040 -Instytucja sporządzająca opis [ , ]
    • a
    • Instytucja, która sporządziła opis (NP)
    • Ł U/db
    • c
    • Instytucja, która sporządziła rekord (NP)
    • Ł U/db
    • d
    • Instytucja, która zmodyfikowała rekord (P)
    • Ł U/AG
    • d
    • Instytucja, która zmodyfikowała rekord (P)
    • Ł U/MSs
    • d
    • Instytucja, która zmodyfikowała rekord (P)
    • KAT 001/PDs
942 -Rodzaj dokumentu [ , ]
    • c
    • Rodzaj dokumentu
    • Książka
100 -Hasło główne - nazwa osobowa [1, ]
    • a
    • Nazwa osobowa (NP)
    • Skowronek, Czesław
    • d
    • Daty biograficzne (NP)
    • (1937- ).
    • 9
    • KHW
    • 38064
245 -Strefa tytułu i oznaczenia odpowiedzialności [1,0]
    • a
    • Tytuł
    • Logistyka w przedsiębiorstwie / Find
    • c
    • Pozostałe elementy strefy tytułu i oznaczenia odpowiedzialności (NP)
    • Czesław Skowronek, Zdzisław Sarjusz-Wolski.
250 -Strefa wydania [ , ]
    • a
    • Oznaczenie wydania (NP)
    • Wyd. 2 zm.
260 -Strefa adresu wydawniczego [ , ]
    • a
    • Miejsce wydania (P)
    • Warszawa :
    • b
    • Nazwa wydawcy (P)
    • Polskie Wydawnictwo Ekonomiczne,
    • c
    • Data wydania (P)
    • 1999.
300 -Strefa opisu fizycznego [ , ]
    • a
    • Określenie formy książki i/lub objętość (NP)
    • 298, [2] s. :
    • b
    • Oznaczenie ilustracji (NP)
    • il. ;
    • c
    • Format (NP)
    • 21 cm.
336 -Typ zawartości [ , ]
    • a
    • Termin opisujący typ zawartości
    • Tekst
    • b
    • Kod określający zawartość
    • txt
    • 2
    • Źródło (terminu i kodu)
    • rdacontent
337 -Typ mediów [ , ]
    • a
    • Tryb odtwarzania
    • Bez urządzenia pośredniczącego
    • b
    • Kod typu mediów
    • n
    • 2
    • Źródło (terminu i kodu)
    • rdamedia
338 -Typ/rodzaj nośnika [ , ]
    • a
    • Hasło opisujące typ nośnika
    • Wolumin
    • b
    • Kod typu nośnika
    • nc
    • 2
    • Źródło (terminu i kodu)
    • rdacarrier
504 -Uwaga dot. bibliogr. załącznikowej [ , ]
    • a
    • Uwaga dot. bibliografii załącznikowej
    • Bibliogr. s. 297-[299].
080 -Uniwersalna Klasyfikacja Dziesiętna [ , ]
    • a
    • Symbol klasyfikacji
    • 658.1/.5
    • 9
    • UKD
    • 5601
    • 2
    • Identyfikator wydania tablic
    • UDC-P058
    • b
    • Dopowiedzenie
    • Organizacja przedsiębiorstwa.
080 -Uniwersalna Klasyfikacja Dziesiętna [ , ]
    • a
    • Symbol klasyfikacji
    • :65.01
650 -Hasło przedmiotowe [ ,7]
    • a
    • Hasło przedmiotowe
    • Logistyka (organizacja)
    • v
    • Określnik formalny
    • podręczniki akademickie.
    • 2
    • Źródło terminu
    • kaba
    • 9
    • KHW
    • 360728
980 -Symbol UKD [ , ]
    • a
    • UKD
    • 658.1/.5:65.01
700 -Hasło dodatkowe - nazwa osobowa [1, ]
    • a
    • Nazwa osobowa (NP)
    • Sarjusz-Wolski, Zdzisław Find
    • d
    • Daty biograficzne (NP)
    • (1936-2011).
    • 9
    • KHW
    • 43020
710 -Hasło dodatkowe - nazwa ciała zbiorowego [2, ]
    • a
    • Nazwa ciała zbiorowego lub nazwa geograficzna jako pierwszy element (NP)
    • Polskie Wydawnictwo Ekonomiczne.
    • 4
    • Kod relacji
    • pbl
    • 9
    • KHW
    • 50784
920 -ISBN [ , ]
    • a
    • ISBN
    • 83-208-1199-6 Find
Data inwentaryzacji Lokalizacja Status udost. Numer inwentarzowy Sygnatura
1999-12-27BE-6S.84731 
1999-12-27BE-3S.84732 
1999-12-27BE-2E.66435 
2000-02-23BE2S.85237 
2000-02-23BE2S.85238 
2000-02-23BE2S.85239 
2000-02-23BE-3S.85240 
2000-02-23BE-3S.85241 
2000-02-23BE-3S.85242 
1999-12-27BG1Z.95014Z.95014
1999-12-27T-3T.1579T.1579
2000-02-23T-3T.1848T.1848
2000-02-23T-3T.1849T.1849
2000-02-23T-3T.1850T.1850
2001-03-09T-3T.4321T.4321
2001-03-09T-3T.4322T.4322